000
00278nam a2200121Ia 4500
008
190216s9999||||xx |||||||||||||| ||und||
100
_a
Arthur Engel
245
0
_a
Problem Solving Statitics
260
_b
Springer Verlag
300
_a
399
650
_a
Mathematics
942
_c
BK
999
_c
31959
_d
31959